A short life of Christ / (Record no. 6887)
[ view plain ]
| 000 -LEADER | |
|---|---|
| fixed length control field | 01302cam a22002651a 4500 |
| 001 - CONTROL NUMBER | |
| control field | 449788 |
| 003 - CONTROL NUMBER IDENTIFIER | |
| control field | OCoLC |
| 005 - DATE AND TIME OF LATEST TRANSACTION | |
| control field | 20190121150604.0 |
| 008 - FIXED-LENGTH DATA ELEMENTS--GENERAL INFORMATION | |
| fixed length control field | 710318s1968 miu b 001 0beng |
| 010 ## - LIBRARY OF CONGRESS CONTROL NUMBER | |
| LC control number | 68030985 |
| 020 ## - INTERNATIONAL STANDARD BOOK NUMBER | |
| International Standard Book Number | 0802833330 |
| 020 ## - INTERNATIONAL STANDARD BOOK NUMBER | |
| International Standard Book Number | 9780802833334 |
| 040 ## - CATALOGING SOURCE | |
| Original cataloging agency | DLC |
| Language of cataloging | eng |
| Transcribing agency | DLC |
| Modifying agency | OCL |
| -- | OCLCG |
| -- | WY@ |
| -- | XBE |
| -- | YDXCP |
| -- | GZU |
| -- | OCLCQ |
| -- | OG# |
| -- | BDX |
| 050 0# - LIBRARY OF CONGRESS CALL NUMBER | |
| Classification number | BT301.2 |
| Item number | .H3 |
| 082 ## - DEWEY DECIMAL CLASSIFICATION NUMBER | |
| Classification number | 232.9 |
| Item number | H318S |
| 100 1# - MAIN ENTRY--PERSONAL NAME | |
| Personal name | Harrison, Everett Falconer, |
| Dates associated with a name | 1902- |
| 245 12 - TITLE STATEMENT | |
| Title | A short life of Christ / |
| Statement of responsibility, etc. | by Everett F. Harrison. |
| 260 ## - PUBLICATION, DISTRIBUTION, ETC. | |
| Place of publication, distribution, etc. | Grand Rapids : |
| Name of publisher, distributor, etc. | W.B. Eerdmans, |
| Date of publication, distribution, etc. | [1968] |
| 300 ## - PHYSICAL DESCRIPTION | |
| Extent | 288 p. ; |
| Dimensions | 23 cm. |
| 504 ## - BIBLIOGRAPHY, ETC. NOTE | |
| Bibliography, etc. note | Includes bibliographical references and indexes. |
| 505 0# - FORMATTED CONTENTS NOTE | |
| Formatted contents note | The historicity of Jesus -- The birth -- The infancy and boyhood -- The baptism -- The temptation -- Jesus as teacher -- The miracles -- Conflict with the pharisees -- The call and training of the twelve -- The transfiguration -- The triumphal entry and the cleansing of the temple -- The upper room -- Gethsemane -- The arrest and trial -- The crucifixion -- The resurrection -- The ascension -- "What sort of man is this?" |
| 600 00 - SUBJECT ADDED ENTRY--PERSONAL NAME | |
| Personal name | Jesus Christ. |
| 776 08 - ADDITIONAL PHYSICAL FORM ENTRY | |
| Relationship information | Online version: |
| Main entry heading | Harrison, Everett Falconer, 1902- |
| Title | Short life of Christ. |
| Place, publisher, and date of publication | Grand Rapids, W.B. Eerdmans [1968] |
| Record control number | (OCoLC)647546752 |
| 942 ## - ADDED ENTRY ELEMENTS (KOHA) | |
| Source of classification or shelving scheme | Dewey Decimal Classification |
| Koha item type | Books |
| Withdrawn status | Lost status | Source of classification or shelving scheme | Damaged status | Not for loan | Collection code | Home library | Current library | Shelving location | Date acquired | Cost, normal purchase price | Total Checkouts | Full call number | Barcode | Date last seen | Price effective from | Koha item type |
|---|---|---|---|---|---|---|---|---|---|---|---|---|---|---|---|---|
| Dewey Decimal Classification | Non-fiction | Harvest Mission College | Harvest Mission College | General Stacks | 21.01.2019 | 1250.00 | 232.9 H318S | 007745 | 21.01.2019 | 21.01.2019 | Books |
